000 00569nam a22001577a 4500
999 _c62013
_d62013
003 Ge_BSU
005 20240621171332.0
008 240621s1990 ge ||||| |||| 00| 0 geo d
041 _ageo
080 _a616.1/9(035) თ-49
245 _aთერაპიული ცნობარი /
_c[ვ. ალადაშვილის რედ.].
264 _aთბ. :
_b საბჭ. საქართველო,
_c1980.
300 _a539 გვ. ;
_b21 სმ.
653 _aთერაპიული ცნობარები
942 _2udc
_cᲬᲘᲒᲜᲘ